| 000 | 00432nam a22001577a 4500 | ||
|---|---|---|---|
| 999 |
_c112397 _d112397 |
||
| 005 | 20190508101101.0 | ||
| 008 | 190508b ||||| |||| 00| 0 eng d | ||
| 020 | _a9781442564572 | ||
| 040 | _cPK-LaUMT | ||
| 082 |
_a613.7 _bMAR-S |
||
| 100 | _aMarchese, Rosemary | ||
| 245 |
_aThe specialised exercise trainer : _ba guidebook / _cby Rosemary Marchese |
||
| 260 |
_aAustralia : _bPearson, _c2013 |
||
| 300 | _a437 p. | ||
| 942 | _cBK | ||